Single nucleotide polymorphisms in latex biosynthesis genes in high yielding RRII 400 series rubber clones (Record no. 68742)

MARC details
000 -LEADER
fixed length control field 00692nam a2200217Ia 4500
100 ## - MAIN ENTRY--AUTHOR NAME
Personal name Saha T
245 #0 - TITLE STATEMENT
Title Single nucleotide polymorphisms in latex biosynthesis genes in high yielding RRII 400 series rubber clones
260 ## - PUBLICATION, DISTRIBUTION, ETC. (IMPRINT)
Name of publisher IRRDB Natural Rubber Conference 2008, 13-15 October 2008, Kuala Lumpur, Malaysia: Abstract of papers
500 ## - GENERAL NOTE
General note Source Year: 2008
520 ## - SUMMARY, ETC.
Summary, etc DL
650 ## - SUBJECT ADDED ENTRY--TOPICAL TERM
Topical Term Latex biosynthesis gene
650 ## - SUBJECT ADDED ENTRY--TOPICAL TERM
Topical Term Single nucleotide polymorphisms(SNPs)
700 ## - ADDED ENTRY--PERSONAL NAME
Personal name Bini K
700 ## - ADDED ENTRY--PERSONAL NAME
Personal name Madhavan A
700 ## - ADDED ENTRY--PERSONAL NAME
Personal name Ravindran M
700 ## - ADDED ENTRY--PERSONAL NAME
Personal name Roy C B
700 ## - ADDED ENTRY--PERSONAL NAME
Personal name Thomas K U
856 ## - ELECTRONIC LOCATION AND ACCESS
Uniform Resource Identifier Abst only
942 ## - ADDED ENTRY ELEMENTS (KOHA)
Koha item type Journals
Holdings
Withdrawn status Lost status Damaged status Not for loan Home library Current library Shelving location Date acquired Koha item type
      Journals RRII Library RRII Library Biotechnology 28/01/2009 Journals